Pohľad do zbierok Slovenského národného múzea-Archeologického múzea

Bibliographic Details
Main Author: Egyházy-Jurovská, Beata, 1944- (Author)
Format: Article
Language:Slovak
PhysicalDescription:Fotogr., obr.
ISSN:1335-4353
Subjects:

MARC

LEADER 00000nab a2200000 a 4500
001 vtls000803771
003 SK-MaSNL
005 20260426103049.0
008 140429c2002 xo 0 slo
015 |a SNBRB2002/08-26248 
035 |a CLN000155426 
040 |a SNKBUCL  |b slo  |c SNKBUCL  |e AACR2 
041 0 |a slo 
044 |a xo  |c SK 
080 |a 069.6.02(437.6):902  |2 1997 
100 1 |a Egyházy-Jurovská, Beata,  |d 1944-  |4 aut  |9 30698 
245 1 0 |a Pohľad do zbierok Slovenského národného múzea-Archeologického múzea  |c Beata Egyházy-Jurovská 
300 |b Fotogr., obr. 
504 |a Bibliogr. odkazy 
610 7 |a Archeologické múzeum v Bratislave  |2 snkbucl  |9 35919 
651 7 |a Bratislava (Slovensko)  |2 snkbucl  |9 14568 
655 7 |a články z novín a časopisov  |2 snkbucl  |9 267496 
773 0 |t Pamiatky a múzeá  |g Č. 2 (2002), s. 30-32  |x 1335-4353 
850 |a Slovenská národná knižnica v Martine 
852 |a SNK  |b KIS3GCP 
958 |a SK 
992 |a RBX 
999 |c 3274591  |d 3276521